Thuật ngữ tin học Anh Việt

Sparad:
Bibliografiska uppgifter
Materialtyp: Bok
Språk:Vietnamese
Publicerad: TP Hồ chí Minh 1996
Ämnen:
Taggar: Lägg till en tagg
Inga taggar, Lägg till första taggen!
Thư viện lưu trữ: Mạng thư viện Đại học Đà Nẵng
LEADER 00955nam a2200301 a 4500
001 000002573
003 00752
005 20171229145311.0
008 171229s1996 vie
040 |a LSK 
041 0 |a VIE 
082 0 |a 603  |b NG-T 
245 0 0 |a Thuật ngữ tin học Anh Việt  |c Nguyễn Văn Thân, Phan Văn Thảo 
260 |b TP Hồ chí Minh  |c 1996 
300 |a 466 pages  |c 19 cm. 
653 |a Tin học - Từ điển 
852 |a Phòng Đọc 
901 |a 2 
927 |a Sách tham khảo 
OWN |a LSK 
AVA |a UDN50  |b LSK  |d 603 NG-T  |e available  |t Error 5001 Not defined in file expand_doc_bib_avail.  |f 2  |g 0  |h N  |i 0  |k 1 
999 |a From the UDN01 
AVA |a UDN50  |b LSK  |d 603 NG-T  |e available  |t Error 5001 Not defined in file expand_doc_bib_avail.  |f 2  |g 0  |h N  |i 0  |k 1 
TYP |a Monograph 
TYP |a Printed language 
980 |a Mạng thư viện Đại học Đà Nẵng